| 000 | 00444nam a2200157Ia 4500 | ||
|---|---|---|---|
| 003 | OSt | ||
| 005 | 20200625142103.0 | ||
| 008 | 190216s9999||||xx |||||||||||||| ||und|| | ||
| 040 | _coclc | ||
| 082 |
_a954 _bKAR/I |
||
| 100 |
_aKareem, C K _92074 |
||
| 245 | 0 |
_aIndia Charithrathinu Oru Mughavura / _cC K Kareem |
|
| 260 |
_bCharithram Publications, _c1977. |
||
| 300 | _a243p | ||
| 942 |
_cBK _2ddc _h954 _iKAR/I _k954 _mKAR/I |
||
| 999 |
_c18649 _d18649 |
||